000 00301nam a22001337a 4500
008 170622b xxu||||| |||| 00| 0 eng d
020 _a9780271007175
041 _aeng
080 _a32
100 _a20
101 _ashp
245 _aTHE CENTRAL INTELLIGENE AGENCY
_cDARLING, A.B
942 _2udc
_cBK
999 _c18571
_d18571